International Migration Outlook 2014 (Record no. 7173)

MARC details
000 -LEADER
fixed length control field 00575nam a22002057i 4500
001 - CONTROL NUMBER
control field 8570
003 - CONTROL NUMBER IDENTIFIER
control field OSt
005 - DATE AND TIME OF LATEST TRANSACTION
control field 20170126082412.0
007 - PHYSICAL DESCRIPTION FIXED FIELD--GENERAL INFORMATION
fixed length control field tu
008 - FIXED-LENGTH DATA ELEMENTS--GENERAL INFORMATION
fixed length control field 161220s2014 xxu||||| |||| 00| 0 d
020 ## - INTERNATIONAL STANDARD BOOK NUMBER
International Standard Book Number 978-92-64-21118-6
024 7# - OTHER STANDARD IDENTIFIER
Standard number or code 8570
Source of number or code RID
040 ## - CATALOGING SOURCE
Transcribing agency OSt
110 2# - MAIN ENTRY--CORPORATE NAME
Corporate name or jurisdiction name as entry element OECD
245 00 - TITLE STATEMENT
Title International Migration Outlook 2014
Remainder of title Special Focus: Mobilising Migrants’ Skills for Economic Success
260 ## - PUBLICATION, DISTRIBUTION, ETC.
Place of publication, distribution, etc. Paris,
Date of publication, distribution, etc. 2014.
300 ## - PHYSICAL DESCRIPTION
Extent 430 S. ;
Dimensions 30cm.
490 ## - SERIES STATEMENT
Series statement International Migration Outlook
Volume/sequential designation 2014
856 ## - ELECTRONIC LOCATION AND ACCESS
Uniform Resource Identifier <a href="http://dx.doi.org/10.1787/migr_outlook-2014-en">http://dx.doi.org/10.1787/migr_outlook-2014-en</a>
942 ## - ADDED ENTRY ELEMENTS (KOHA)
Koha item type Book
Holdings
Withdrawn status Lost status Damaged status Not for loan Home library Current library Shelving location Date acquired Inventory number Total Checkouts Barcode Date last seen Price effective from Koha item type
        WIIW WIIW Library 04/24/2015 8570   10006227 01/26/2017 01/26/2017 Book
The Vienna Instiute for International Economic Studies (wiiw)